000 00466nam a2200181Ia 4500
001 14606
005 20260306164926.0
008 260306t2015||||xx |||||||||||||| ||spa||
041 _aESP
082 _a515.35
_bE391
100 _aEvans, Lawrence C.
_eAUT
245 0 _aWeak convergence methods for nonlinear partial differential equations
260 _c2015
300 _a82 páginas :
_c25 cm.
650 _aGEN
654 _aCMA
942 _cLIB
_dJUS
_fJUS
_2ddc
_n
999 _c14606
_d14606